El Mercosur profesional (Registro nro. 34650)

Detalles MARC
000 -LEADER
fixed length control field 00336 a2200109 4500
001 - CONTROL NUMBER
control field ART_45080
005 - DATE AND TIME OF LATEST TRANSACTION
control field 20260410162038.0
008 - FIXED-LENGTH DATA ELEMENTS--GENERAL INFORMATION
fixed length control field 260409a
100 1# - MAIN ENTRY--PERSONAL NAME
Personal name Solanas, Facundo
245 10 - TITLE STATEMENT
Title El Mercosur profesional
773 0# - HOST ITEM ENTRY
Title Revista de estudios regionales y mercado de trabajo
Related parts - Nº 5 (ene./dic. 2009)
Record control number REV44894

No hay ítems disponibles.